000 00874 a2200193 4500
003 Nust
005 20221027155219.0
020 _a007463285X
040 _cNust
082 _a621.31042,NAG
100 _aNagrath, I. J.
_961586
245 _aElectric Machines /
_cI J Nagrath & D. P. Kothari
250 _a2nd
260 _aTata McGraw-Hill
_bNew Delhi
_c2003
300 _axxii, 778 p.
505 _aIntroduction (Page-1), Magnetic Circuits and Induction (Page-10), Transformers (Page-49), Principles of Electromechanical Energy Conversion (Page-148), Basic Concepts in Rotating Machines (Page-194), Armature Windings (Page-211), DC Machines (Page-299), Synchronous Machines (Page-397), Induction Machine (Page-502), Fractional Kilowatt Motors (Page-591), Motor Control by Static Power Converters (Page-651).
650 _aElectric Machines
_959915
942 _2ddc
_cBK
999 _c180466
_d180466